Регионална библиотека "Любен Каравелов" - Русе

Rigoletto (Запис номер 296939)

MARC детайли
000 -Лидер
Контролно поле с фиксирана дължина 01111ncm a2200325 c 4500
003 - Код на организацията, давaща контролен номер
Контролно поле BLK
005 - Дата и час на последна редакция
Контролно поле 20231122005344.0
008 - Елементи от данни с фиксирана дължина
fixed length control field 180414b bul |a|er|||| |0| c|bulo|
010 ## - Наследен системен номер
LC control number NOT00000289000
040 ## - Източник на каталожния запис
Идентификатор на билиотеката - собственик на записа BLK
041 ## - Код за език
Код за езика на текст/звукозапис или на отделно заглавие Немски
Код за езика КДБФ Немски
080 ## - УДК
Текстов определител УДК Опера. Музикална драма. Романтична опера. Опера-приказка
УДК код - определител по УДК 782.1
УДК определител
УДК - код + определител 782.1
139 ## - Редно поле
Редна дума Верди, Джузепе
Авторски знак Верд - В 49
245 10 - Сведения за заглавието
Заглавие Rigoletto
Подзаглавни данни Oper in drei Akten
Редно поле (дума) Джузепе Верди; * Giuseppe Verdi; hrsg. von Kurt Soldan.
246 11 - Различни форми на заглавието
Паралелно заглавие Риголето
Подзаглавни данни Опера
254 ## - Сведения за формата на нотното издание
Формат на описваните ноти Клавир
257 ## - Страна на издаване
Страна на създаване/издаване Германия
260 ## - Област на издателските данни
-- Leipzig
Име на издателя, разпространителя и проч. Peters 2185
Година на издаване S. a.
300 ## - Физическа характеристика
Страници 223 с
Размери/Мащаб 28 см
380 ## - Жанр
Жанр Изкуство
500 ## - Общи забележки
Забележка Текст на нем. и итал. ез.
700 1# - Други автори (авторска отговорност)
Лично име Verdi, Giuseppe
Автороска отговорност (Описва отношението между автора и произведението) *
9 (RLIN) 27244
700 1# - Други автори (авторска отговорност)
Лично име Soldan, Kurt
Автороска отговорност (Описва отношението между автора и произведението) hrsg. von
9 (RLIN) 388626
852 ## - Местоположение
Форматна сигнатура Цб М ІІ 1184
Част 0
856 4# - Електронен адрес и достъп
Електронен формат pdf - файл
Път до файла /url/
856 4# - Електронен адрес и достъп
Електронен формат pdf - файл
Път до файла /url/
942 ## - АРТИКУЛИ
Вид на библиотечния материал Нотни издания
Скрит в OPAC Не
944 ## - СЪЗДАВАНЕ И РЕДАКЦИЯ на ЗАПИСА
Създаване/Редакция Създаване
Дата на регистрацията/редакция 14.11.2003
Служител, извършил регистрацията/редакцията
Статус, дата на статуса CRON CRON
944 ## - СЪЗДАВАНЕ И РЕДАКЦИЯ на ЗАПИСА
Създаване/Редакция Редакция
Дата на регистрацията/редакция 10.05.2017
Служител, извършил регистрацията/редакцията Виолета_Тройчева
999 ## - СИСТЕМНИ КОНТРОЛНИ НОМЕРА
Koha biblionumber 296939
Koha biblioitemnumber 296939
Наличности
Код за отписване Код за изгубен артикул Източник на класификационната схема Код за повреда Коз за рестрикции Код за отдаване Артикулен № Име на библиотеката - собственик Име на библиотеката, в която се намира в момента Статус (Текущо местоположение) Дата на вписване в системата Местоположение - отдел Цена в лева Инвентарен номер Систематично азбучна сигнатура Баркод Номер на екземпляра Цена в евро Служебна бележка Служебен тип на артикула
  Не е изгубен Universal Decimal Classification Не е повреден само за читалня ползва се в читалня 647383 Регионална библиотека "Любен Каравелов" Русе Регионална библиотека "Любен Каравелов" Русе Основен фонд - ползва се само за читалня 1960-01-01 Хранилище 1.54 8635/60 Цб М II 1184 900000103835 1 0.79 N: стар фонд Дата: 01.01.1960 Нотни издания
  Не е изгубен Universal Decimal Classification Не е повреден само за читалня ползва се в читалня 647384 Регионална библиотека "Любен Каравелов" Русе Регионална библиотека "Любен Каравелов" Русе Основен фонд - ползва се само за читалня 1960-01-01 Хранилище 1.39 3381/64 Цб М II 1184 900000104432 2 0.71 N: стар фонд Дата: 01.01.1960 Нотни издания
Vip Innovations Ltd, Rousse, Bulgaria 2025